Language Quiz

Random Language or Letter Quiz
Score 0/17 Timer 03:00
0 Plays Today
Clue Word % Correct
Common articleA
94.8%
Alfred Neuman's (of Mad Magazine) middle initialE
93.2%
___ amo. (I love you, in Spanish.)TE
91.8%
Miami's NBA teamHEAT
91.5%
Stetson, fez or beret, e.g.HAT
90.8%
First person plural pronounWE
90.4%
Common articleTHE
89.8%
Common degree for an English majorB.A.
87.8%
Helper for a professorTA
87.7%
Clue Word % Correct
Rob of 'Parks and Recreation'LOWE
74.8%
Sorrow or deep griefWOE
73.1%
A small amount or gentle touchDAB
69.7%
Part of a necklaceBEAD
69.7%
Second word of a healthy carbWHEAT
68.5%
MeltTHAW
67.5%
Third word of a healthy carbBREAD
65.3%
First word of a healthy carbWHOLE
63.3%
Remove Ads.
Support Sporcle.
Get the best of Sporcle when you Go Orange. This ad-free experience offers more features, more stats, and more fun while also helping to support Sporcle. Thank you for becoming a member.

You're not logged in!

Compare scores with friends on all Sporcle quizzes.
OR
Log In

Show Comments

Extras

Top Quizzes Today


Score Distribution

Your Account Isn't Verified!

In order to create a playlist on Sporcle, you need to verify the email address you used during registration. Go to your Sporcle Settings to finish the process.

Report this User

Report this user for behavior that violates our Community Guidelines.

Details: